Survey of accounting : making sense of business

The book presents the evolution of a fictitious business from its formation, looking first at the strategic planning and research to organize the business, financing the plan, investing in the resources, amd operating the business. As you read, you'll learn the accounting cycle culminating with...

Disgrifiad llawn

Wedi'i Gadw mewn:
Manylion Llyfryddiaeth
Prif Awdur: Terrell, Katherene P.
Fformat: Llyfr
Iaith:Undetermined
Cyhoeddwyd: Upper Saddle River, NJ Pearson/Prentice Hall 2005.
Pynciau:
Tagiau: Ychwanegu Tag
Dim Tagiau, Byddwch y cyntaf i dagio'r cofnod hwn!
Thư viện lưu trữ: Trung tâm Học liệu Trường Đại học Cần Thơ
LEADER 01063nam a2200205Ia 4500
001 CTU_135515
008 210402s9999 xx 000 0 und d
020 |c 64.00 
082 |a 657 
082 |b T325 
100 |a Terrell, Katherene P. 
245 0 |a Survey of accounting : 
245 0 |b making sense of business 
245 0 |c Katherene P. Terrell, Robert L. Terrell. 
260 |a Upper Saddle River, NJ 
260 |b Pearson/Prentice Hall 
260 |c 2005. 
520 |a The book presents the evolution of a fictitious business from its formation, looking first at the strategic planning and research to organize the business, financing the plan, investing in the resources, amd operating the business. As you read, you'll learn the accounting cycle culminating with the financial statements, to analyze the information for internal management decisions, and to compare the fictitious business with others 
650 |a Kế toán,Accounting,Managerial accounting,Kế toán quản trị 
980 |a Trung tâm Học liệu Trường Đại học Cần Thơ